| 000 | 00679nam a2200181Ia 4500 | ||
|---|---|---|---|
| 008 | 100917s9999 xx 000 0 und d | ||
| 082 | _b16047 | ||
| 100 | _aगद्रे अ. ह. | ||
| 245 | _aलोकमान्य टिळकांची स्वराज्याची मोहिम 1 | ||
| 260 | _b--- | ||
| 300 | _a69 | ||
| 365 | _b0.25 | ||
| 520 | _aनिबंध | ||
| 630 | _aलोकमान्य टिळकांची स्वराज्याची मोहिम 1 | ||
| 650 | _aनिबंध | ||
| 730 | _aलोकमान्य टिळकांची स्वराज्याची मोहिम 1 | ||
| 942 | _cBOOK | ||
| 999 |
_c621441 _d621438 |
||